Central Library OPAC University of Rajshahi

Agriculture in the Tropics / (Record no. 73472)

MARC details
000 -LEADER
fixed length control field 00749nam a2200241 a 4500
001 - CONTROL NUMBER
control field 73472
003 - CONTROL NUMBER IDENTIFIER
rucl marc code BD-RjUL
005 - DATE AND TIME OF LATEST TRANSACTION
control field 20211209082411.0
008 - FIXED-LENGTH DATA ELEMENTS--GENERAL INFORMATION
fixed length control field 170601s1966 e a 001 0 eng d
035 ## - SYSTEM CONTROL NUMBER
System control number (BD-RjUL)73690
040 ## - CATALOGING SOURCE
Original cataloging agency DLC
Transcribing agency NNepaSU
Modifying agency Uk
-- BD-RjUL
Language of cataloging eng
041 ## - LANGUAGE CODE
Language code of text/sound track or separate title eng
082 ## - DEWEY DECIMAL CLASSIFICATION NUMBER
Classification number 630.913
Edition number 23
Author mark and year WEA 1966
100 1# - MAIN ENTRY--PERSONAL NAME
Personal name Webster, C. C.
Fuller form of name (Cyril Charles),
Dates associated with a name 1909-
9 (RLIN) 217376
245 10 - TITLE STATEMENT
Title Agriculture in the Tropics /
Statement of responsibility, etc. by C.C. Webster and P.N. Wilson
260 ## - PUBLICATION, DISTRIBUTION, ETC. (IMPRINT)
Place of publication, distribution, etc. London :
Name of publisher, distributor, etc. Longmans,
Date of publication, distribution, etc. c1966.
300 ## - PHYSICAL DESCRIPTION
Pagination xiii, 488 p. :
Illustrations ill. ;
Size 23 cm.
504 ## - BIBLIOGRAPHY, ETC. NOTE
Bibliography, etc Bibliography: p. 449-477 & Index.
650 #0 - SUBJECT ADDED ENTRY--TOPICAL TERM
Topical term or geographic name as entry element Agriculture
9 (RLIN) 217377
Geographic subdivision Tropics
700 1# - ADDED ENTRY--PERSONAL NAME
Personal name Wilson, P. N.
Fuller form of name (Peter Northcote)
942 ## - ADDED ENTRY ELEMENTS (KOHA)
Source of classification or shelving scheme Dewey Decimal Classification
Koha item type Books
Holdings
Lost status Source of classification or shelving scheme Damaged status Not for loan Collection code Permanent Location Current Location Shelving location Date acquired Source of acquisition Cost, normal purchase price Total Checkouts Full call number Date last seen Copy number Koha item type
  Dewey Decimal Classification   Not For Loan Non-fiction Central Library, University of Rajshahi Central Library, University of Rajshahi Reading Room 30/06/1981 Euro, Rajshshi 52.50   630.913 WEA 1966 01/06/2017 C-1 Books